000 00621nam a2200241Ia 4500
003 OSt
005 20221005124503.0
006 a|||||r|||| 00| 0
007 ta
008 221004b |||||||| |||| 00| 0 tam d
024 _a48880
037 _cTextual
040 _aCRL
_cCRL
_btam
041 _2tam
_atam
082 _aO31,1(Y:351):g, N2
100 _aGunasekaran K.A.
_9254304
245 0 _aNaatupura nadanangalum padalgalum
260 _c1992
300 _a273
_ccm.
650 _aTAMIL POETRY
942 _hO31,1(Y:351):g, N2
_cTEXL
_2cc
999 _c1050642
_d1050642